| 000 | 00491nam a22001457a 4500 | ||
|---|---|---|---|
| 008 | 220701b |||||||| |||| 00| 0 eng d | ||
| 020 | _a0195146493 | ||
| 050 |
_aRA652.2 _b.M66 2004 |
||
| 245 |
_aMonitoring the Health Populations: _bStatistical Principles and Methods for Public Health Surveillance _cEdited by Brookmeyer & Donna F. Stroup |
||
| 260 |
_aNew York _bOUP _c2004 |
||
| 300 | _axvi, 370p. | ||
| 650 | _aPublic health Surveillance | ||
| 650 | _aEpidemiology | ||
| 942 |
_2lcc _cBK |
||
| 999 |
_c19361 _d19360 |
||